Informática jurídica aplicada a la enseñanza e investigación del derecho
Guardado en:
| Hovedforfatter: | |
|---|---|
| Andre forfattere: | |
| Format: | Bog |
| Udgivet: |
[San José , Costa Rica]
1985
|
| Fag: | |
| Tags: |
Tilføj Tag
Ingen Tags, Vær først til at tagge denne postø!
|
MARC
| LEADER | 00000nam a2200000Ia 4500 | ||
|---|---|---|---|
| 003 | 002999 | ||
| 005 | 20221231144359.0 | ||
| 008 | 140114s1985 cr a m 000 ||s d | ||
| 040 | |c cru CEDI | ||
| 090 | |a TFG 1748 | ||
| 100 | |a Calvo Vásquez, Ana Virginia |9 14380 | ||
| 245 | |a Informática jurídica aplicada a la enseñanza e investigación del derecho | ||
| 260 | |c 1985 |a [San José , Costa Rica] | ||
| 300 | |a 308 hojas : ilustraciones | ||
| 500 | |a Proyecto de graduacion (licenciatura en ciencias de la computacion e informatica)--Universidad de Costa Rica. Escuela de Ciencias de la Computacion e Informatica | ||
| 650 | |x SISTEMAS DE INFORMACION EN DERECHO |9 14382 | ||
| 700 | |9 14381 |a González Villalobos, Cecilia | ||
| 942 | |c TFG | ||
| 999 | |c 21028 |d 21028 | ||
